00246nam a2200085Ia 4500008004100000100001900041245005400060260003800114300000800152210107s9999 xx 000 0 und d aCockroft. A.N. 0aNichol's Seamanship & Nautical Nautical Knowledge aGlasgowbBrown Son & Ferguson Ltd a383